Rozbor možností použitia plynových turbín v chemickom priemysle. /

Na minha lista:
Detalhes bibliográficos
Autor principal: Zich, Ivan (Author)
Formato: Manuscrito Livro
Publicado em: Bratislava : SVŠT v Bratislave SjF, 1975
Tags: Adicionar Tag
Sem tags, seja o primeiro a adicionar uma tag!

MARC

LEADER 00000ntm a22000003a 4500
001 stu47521
005 20150617225710.8
008 ------s1975----cs----------------------d
040 |a STU  |b slo 
041 0
044 |a cs 
080 |a 621.438 
080 |a 66.013 
100 1 |a Zich, Ivan  |4 aut 
245 1 |a Rozbor možností použitia plynových turbín v chemickom priemysle. /  |c [aut.] Zich,Ivan 
260 |a Bratislava :  |b SVŠT v Bratislave SjF,  |c 1975 
300 |a 128 s 
996 |b J48798  |c J*48798/DIZ.  |l JJSK  |s A  |a 24  |w stu47521_0001